| 000 | 00463nam a22001817a 4500 | ||
|---|---|---|---|
| 003 | CEME | ||
| 005 | 20210628203404.0 | ||
| 008 | 210305b xxu||||| |||| 00| 0 eng d | ||
| 020 | _a0-14-062244-6 | ||
| 040 | _c. | ||
| 082 | _a808.83 MIL | ||
| 100 |
_aMilton, John _965136 |
||
| 245 | _aParadise lost | ||
| 260 |
_aNEW YORK _bPENGUIN BOOKS _c1996 |
||
| 300 | _a313P | ||
| 650 |
_aENGLISH LITERATURE-FICTION.PENGUINE POPULAR CLASSIC _964803 |
||
| 942 |
_cBK _2ddc |
||
| 999 |
_c573441 _d573441 |
||